[Event "Frankfurt Ch 2005"]
[Site "Ffm-Kalbach, LAZ"]
[Date "2006.05.02"]
[Round "2.34"]
[White "Benninger, Rudolf"]
[Black "Weiland, Thomas"]
[Result "1-0"]
[WhiteElo "2019"]
[BlackElo "1781"]
[PlyCount "59"]
[EventDate "2006.??.??"]

1. e4 d5 2. exd5 Nf6 3. d4 Nxd5 4. c4 Nb6 5. Nf3 Bg4 6. c5 Nd5 7. Bc4 c6 8. Qb3
b6 9. Ne5 Be6 10. Nc3 Nc7 11. Be3 Bxc4 12. Qxc4 e6 13. cxb6 axb6 14. Nxc6 Qd6
15. Nxb8 Rxb8 16. O-O Be7 17. Ne4 Qd7 18. Bf4 Rb7 19. Rac1 Kd8 20. Bxc7+ Rxc7
21. Qa6 Rxc1 22. Rxc1 Ke8 23. Qxb6 h5 24. Rc7 Qd5 25. Nc3 Qg5 26. f4 Qh4 27. g3
Qf6 28. Ne4 Qg6 29. Rc8+ Bd8 30. Qxd8# 1-0

[Event "Frankfurt Ch 2005"]
[Site "Ffm-Kalbach, LAZ"]
[Date "2006.05.02"]
[Round "2.35"]
[White "Hupprich, Thorsten"]
[Black "Plattner, Rolf"]
[Result "1-0"]
[WhiteElo "2003"]
[BlackElo "1557"]
[PlyCount "71"]
[EventDate "2006.??.??"]

1. c4 Nf6 2. Nc3 g6 3. g3 Bg7 4. Bg2 O-O 5. Nf3 d6 6. d3 c6 7. O-O e5 8. Rb1 a5
9. a3 Re8 10. Nd2 Na6 11. b4 axb4 12. axb4 Bd7 13. b5 Nc5 14. Nb3 Nxb3 15. Qxb3
Qc8 16. Na4 Qc7 17. Be3 c5 18. Nc3 Reb8 19. Ra1 Rxa1 20. Rxa1 b6 21. Ra3 Bc8
22. Qa2 Bb7 23. Ra7 Qc8 24. Bxb7 Rxb7 25. Bg5 h6 26. Bxf6 Bxf6 27. Nd5 Bd8 28.
Qa6 Rb8 29. Qxc8 Rxc8 30. Rd7 Ra8 31. Rxd6 Rb8 32. Kg2 Kg7 33. Kf3 f6 34. g4
Kf7 35. Rd7+ Kg8 36. Ke4 1-0

[Event "Frankfurt Ch 2005"]
[Site "Ffm-Kalbach, LAZ"]
[Date "2006.05.02"]
[Round "2.36"]
[White "Völker, Sebastian"]
[Black "Scheerer, Michael"]
[Result "1-0"]
[WhiteElo "1992"]
[BlackElo "1399"]
[PlyCount "79"]
[EventDate "2006.??.??"]

1. e4 e6 2. d4 d5 3. e5 c5 4. c3 Nc6 5. Be3 Qb6 6. Qd2 Bd7 7. Nf3 cxd4 8. cxd4
f6 9. Nc3 fxe5 10. dxe5 Qc7 11. Bf4 Bb4 12. a3 Bxc3 13. Qxc3 Nge7 14. Bd3 Rc8
15. Qd2 O-O 16. O-O Nf5 17. Rac1 Qd8 18. Bg5 Qe8 19. Rfe1 Kh8 20. Bb1 h6 21.
Bh4 Qh5 22. Bg3 Nxg3 23. hxg3 Rc7 24. Nh4 Be8 25. b4 g5 26. Nf3 Qf7 27. Qc2 b5
28. Re2 Bd7 29. Qd1 Rfc8 30. Rc5 a6 31. Rec2 Be8 32. Qc1 Qd7 33. Nh2 Nd4 34.
Ng4 Rxc5 35. bxc5 Rxc5 36. Rxc5 Ne2+ 37. Kh2 Nxc1 38. Rxc1 Kg7 39. Nf6 Qe7 40.
Rc7 1-0

[Event "Frankfurt Ch 2005"]
[Site "Ffm-Kalbach, LAZ"]
[Date "2006.05.02"]
[Round "2.37"]
[White "Hitzer, Dieter"]
[Black "Calvi, Stefan"]
[Result "0-1"]
[WhiteElo "1711"]
[BlackElo "1943"]
[PlyCount "110"]
[EventDate "2006.??.??"]

1. Nf3 Nf6 2. c4 g6 3. Nc3 Bg7 4. e4 d6 5. d4 O-O 6. Be2 c5 7. O-O cxd4 8. Nxd4
Nc6 9. Be3 Bd7 10. f3 a6 11. Qd2 Rc8 12. Rac1 Re8 13. Rfd1 Nxd4 14. Bxd4 Bc6
15. Nd5 Bxd5 16. cxd5 Qd7 17. Bb6 Rxc1 18. Rxc1 Rc8 19. Bc4 Nh5 20. b3 h6 21.
Rc2 g5 22. Qc1 Be5 23. Be2 Rxc2 24. Qxc2 Nf4 25. Bf1 Kg7 26. g3 Ng6 27. Qc7
Qxc7 28. Bxc7 Bd4+ 29. Kh1 Bc5 30. Ba5 Bd4 31. Bd2 Ne5 32. Be2 Kf6 33. f4 Nd7
34. b4 e6 35. b5 axb5 36. Bxb5 Nc5 37. dxe6 fxe6 38. e5+ dxe5 39. fxg5+ hxg5
40. Kg2 e4 41. Kf1 Nd3 42. Ke2 Ne5 43. Be3 Bc3 44. h3 Nf3 45. Kf2 Be1+ 46. Kg2
Bd2 47. Bxd2 Nxd2 48. Kf2 Ke5 49. Ke3 Nf3 50. Bf1 Nd4 51. h4 gxh4 52. gxh4 Nf5+
53. Kf2 Nxh4 54. Bc4 Nf5 55. Ke2 b5 0-1

[Event "Frankfurt Ch 2005"]
[Site "Ffm-Kalbach, LAZ"]
[Date "2006.05.02"]
[Round "2.38"]
[White "Göbel, Andreas"]
[Black "Ebertz, Michael"]
[Result "1-0"]
[WhiteElo "1923"]
[BlackElo "1611"]
[PlyCount "115"]
[EventDate "2006.??.??"]

1. d4 Nf6 2. Bg5 Ne4 3. Bh4 g5 4. Bg3 Nxg3 5. hxg3 c5 6. dxc5 Qa5+ 7. Nd2 Bg7
8. c3 Qxc5 9. e3 d5 10. Bd3 h6 11. Nb3 Qb6 12. Qf3 Be6 13. Ne2 Nc6 14. Ned4
Nxd4 15. exd4 a6 16. Qe2 Qd6 17. Nc5 Bc8 18. O-O-O b6 19. Nxa6 Bxa6 20. Bxa6
O-O 21. a3 Ra7 22. Bd3 e5 23. dxe5 Bxe5 24. f4 Bxc3 25. bxc3 Qxa3+ 26. Qb2 Rc8
27. Qxa3 Rxa3 28. Rxh6 Rcxc3+ 29. Bc2 Ra2 30. Rd2 Ra1+ 31. Kb2 Raa3 32. Rxd5
Kg7 33. Rxb6 Rxg3 34. Rxg5+ Rxg5 35. fxg5 Rg3 36. Be4 Rxg5 37. Kc3 Ra5 38. Kd4
Rg5 39. Ke3 Ra5 40. Kf4 Rc5 41. g4 Ra5 42. Rd6 Rc5 43. Rd7 Kf8 44. Bf5 Ke8 45.
Ra7 f6 46. Bg6+ Kf8 47. Rf7+ Kg8 48. Rxf6 Kg7 49. Ra6 Rc4+ 50. Be4 Rb4 51. g5
Rb2 52. Ra7+ Kf8 53. Ke5 Rb5+ 54. Bd5 Rb1 55. Be6 Re1+ 56. Kf6 Rf1+ 57. Bf5 Kg8
58. Ra8# 1-0

[Event "Frankfurt Ch 2005"]
[Site "Ffm-Kalbach, LAZ"]
[Date "2006.05.02"]
[Round "2.39"]
[White "Müllergroß, Christian"]
[Black "Noble, Alexander"]
[Result "0-1"]
[WhiteElo "1489"]
[BlackElo "2008"]
[PlyCount "28"]
[EventDate "2006.??.??"]

1. d4 Nf6 2. e3 b6 3. f4 Bb7 4. Nf3 d6 5. Bd3 Nbd7 6. Nbd2 e5 7. fxe5 dxe5 8.
dxe5 Ng4 9. Qe2 Ngxe5 10. O-O Bd6 11. b3 Qe7 12. Bb2 O-O 13. Rf2 Ng4 14. Rff1
Qxe3+ 0-1

[Event "Frankfurt Ch 2005"]
[Site "Ffm-Kalbach, LAZ"]
[Date "2006.05.02"]
[Round "2.41"]
[White "Kühnel, Marcus"]
[Black "Kirschner, Matthias"]
[Result "1-0"]
[WhiteElo "1807"]
[BlackElo "1547"]
[PlyCount "77"]
[EventDate "2006.??.??"]

1. e4 d6 2. d4 Nf6 3. Bd3 e5 4. c3 exd4 5. cxd4 Nc6 6. Ne2 Be7 7. O-O O-O 8.
Nbc3 Bd7 9. f3 a6 10. Be3 b5 11. Nf4 Re8 12. Rc1 h6 13. Bb1 Nh7 14. Nfd5 Na5
15. Nxe7+ Rxe7 16. Nd5 Nc4 17. Nxe7+ Qxe7 18. Qe2 Nxe3 19. Qxe3 Rc8 20. f4 f6
21. Qa3 Nf8 22. Qxa6 Ne6 23. Qa7 c5 24. dxc5 dxc5 25. Rfd1 Rc7 26. Qb8+ Be8 27.
g3 Nd4 28. Kf2 Rb7 29. Qa8 Ra7 30. Qd5+ Bf7 31. Qxc5 Qxc5 32. Rxc5 Ne6 33. Rxb5
Nc7 34. Rc5 Ne6 35. Rc8+ Kh7 36. f5 Nc7 37. Rd7 Nb5 38. Rxa7 Nxa7 39. Rc7 1-0

[Event "Frankfurt Ch 2005"]
[Site "Ffm-Kalbach, LAZ"]
[Date "2006.05.02"]
[Round "2.43"]
[White "Benikhis, Avram"]
[Black "Bonilla Guzman, Jerson Andres"]
[Result "1-0"]
[WhiteElo "1794"]
[BlackElo "1545"]
[PlyCount "85"]
[EventDate "2006.??.??"]

1. d4 d5 2. c4 e6 3. Nc3 Nf6 4. Nf3 c5 5. cxd5 exd5 6. Bg5 Be7 7. dxc5 Nbd7 8.
Nxd5 Nxd5 9. Qxd5 Qa5+ 10. Bd2 Qxc5 11. Qxc5 Nxc5 12. Bb4 Bd7 13. Ne5 Be6 14.
e3 O-O 15. Be2 f6 16. Bxc5 Bxc5 17. Nd3 Bb6 18. O-O Rac8 19. Nf4 Bf7 20. Bd3
Rfd8 21. Bf5 Rc5 22. g4 g5 23. Ne6 Bxe6 24. Bxe6+ Kg7 25. Rac1 Rd2 26. Rxc5
Bxc5 27. Rb1 b6 28. Kf1 Kf8 29. Ke1 Bb4 30. Kf1 Ke7 31. Bf5 h6 32. a3 Bd6 33.
Ke1 Rd5 34. h3 h5 35. e4 Rb5 36. gxh5 Bxa3 37. Ra1 Bb4+ 38. Ke2 a5 39. Rd1 Bd6
40. Rd2 Be5 41. Rd7+ Kf8 42. h6 Rxb2+ 43. Kf1 1-0

[Event "Frankfurt Ch 2005"]
[Site "Ffm-Kalbach, LAZ"]
[Date "2006.05.02"]
[Round "2.44"]
[White "Popp, Matthias"]
[Black "Larem, Peter"]
[Result "0-1"]
[WhiteElo "1536"]
[BlackElo "1792"]
[PlyCount "54"]
[EventDate "2006.??.??"]

1. d4 Nf6 2. Nf3 d5 3. Bf4 e6 4. e3 c5 5. Ne5 cxd4 6. Qxd4 Qa5+ 7. c3 Be7 8.
Be2 Nc6 9. Qd3 O-O 10. O-O Nxe5 11. Bxe5 Bd7 12. Nd2 a6 13. b3 Bb5 14. c4 dxc4
15. bxc4 Rfd8 16. Qc3 Bb4 17. Qb3 Rxd2 18. Bc7 Qxc7 19. Qxb4 Rxe2 20. cxb5 Rc8
21. b6 Qc5 22. Qxc5 Rxc5 23. Rac1 Rec2 24. Rcd1 Rd5 25. Rc1 Rxc1 26. Rxc1 Kf8
27. Kf1 Rb5 0-1

[Event "Frankfurt Ch 2005"]
[Site "Ffm-Kalbach, LAZ"]
[Date "2006.05.02"]
[Round "2.45"]
[White "Enders, Georg"]
[Black "Ludwig, Helmut"]
[Result "1-0"]
[WhiteElo "1791"]
[BlackElo "1496"]
[PlyCount "71"]
[EventDate "2006.??.??"]

1. e4 d6 2. d4 Nf6 3. Nc3 g6 4. f4 Bg7 5. Nf3 c5 6. dxc5 dxc5 7. Qxd8+ Kxd8 8.
Be3 b6 9. O-O-O+ Bd7 10. h3 Nc6 11. Bb5 Kc7 12. e5 a6 13. Bxc6 Bxc6 14. exf6
Bxf6 15. Nd5+ Kb7 16. Nxf6 exf6 17. Rhe1 Bxf3 18. gxf3 Kc6 19. Bf2 Rhe8 20. Re4
f5 21. Re5 Re6 22. Rde1 Rae8 23. Bh4 Kd6 24. Rxe6+ Rxe6 25. Rxe6+ fxe6 26. Bg5
Kd5 27. Kd2 Kd4 28. c3+ Kc4 29. b3+ Kd5 30. b4 e5 31. bxc5 bxc5 32. fxe5 Kxe5
33. Ke3 Ke6 34. c4 Kd6 35. Kf4 Ke6 36. Bh6 1-0

[Event "Frankfurt Ch 2005"]
[Site "Ffm-Kalbach, LAZ"]
[Date "2006.05.02"]
[Round "2.46"]
[White "Kletzerman, Simon"]
[Black "Gutacker, Stephan"]
[Result "0-1"]
[WhiteElo "1461"]
[BlackElo "1789"]
[PlyCount "60"]
[EventDate "2006.??.??"]

1. e4 e5 2. Nf3 Nc6 3. Bc4 Nf6 4. Ng5 d5 5. exd5 Na5 6. Bb5+ c6 7. dxc6 bxc6 8.
Ba4 h6 9. Qf3 hxg5 10. Bxc6+ Nxc6 11. Qxc6+ Bd7 12. Qc3 Bd6 13. d3 Rc8 14. Qd2
Nd5 15. c3 f6 16. a3 Bc6 17. f3 Qd7 18. c4 Nf4 19. O-O Nxd3 20. b4 e4 21. g3
Nxc1 22. Rxc1 exf3 23. Re1+ Kf7 24. c5 Be5 25. Qxd7+ Bxd7 26. Ra2 Bd4+ 27. Rf2
Rce8 28. Rd1 Bxf2+ 29. Kxf2 Rxh2+ 30. Kxf3 g4+ 0-1

[Event "Frankfurt Ch 2005"]
[Site "Ffm-Kalbach, LAZ"]
[Date "2006.05.02"]
[Round "2.47"]
[White "Matthis, Peter"]
[Black "Pluns, Matthias"]
[Result "1-0"]
[WhiteElo "1786"]
[BlackElo "1478"]
[PlyCount "43"]
[EventDate "2006.??.??"]

1. e4 c5 2. Nf3 a6 3. d4 cxd4 4. Nxd4 Nf6 5. Nc3 e5 6. Nf5 d5 7. Ng3 d4 8. Nb1
Be7 9. Be2 O-O 10. O-O Nc6 11. Nd2 b5 12. a4 b4 13. Nc4 a5 14. f4 Bc5 15. Kh1
Nd7 16. Bd3 Ba6 17. Nf5 Ne7 18. Qg4 Nxf5 19. Qxf5 exf4 20. Bxf4 Nf6 21. Bg5 Bc8
22. Qxc5 1-0

[Event "Frankfurt Ch 2005"]
[Site "Ffm-Kalbach, LAZ"]
[Date "2006.05.02"]
[Round "2.48"]
[White "Adair, Monte"]
[Black "Müller, Pascal"]
[Result "0-1"]
[WhiteElo "1384"]
[BlackElo "1785"]
[PlyCount "78"]
[EventDate "2006.??.??"]

1. e4 g6 2. d4 Bg7 3. Nf3 d6 4. Bc4 Nf6 5. Nbd2 Nbd7 6. c3 O-O 7. O-O e5 8. Re1
c6 9. Bb3 b5 10. Nf1 a5 11. a4 Qc7 12. Bc2 Rd8 13. Bg5 h6 14. Be3 Bb7 15. Ng3
Ng4 16. Bd2 Nb6 17. Qc1 Nc4 18. Qd1 Nxb2 19. Qc1 Nc4 20. h3 Nxd2 21. Qxd2 Nf6
22. Reb1 Ba6 23. Qd1 Ne8 24. Bd3 bxa4 25. Bxa6 Rxa6 26. Qxa4 Rb8 27. Qc4 Rab6
28. Qd3 Qb7 29. Rxb6 Qxb6 30. Ne2 Nc7 31. Nd2 exd4 32. Nc4 Qb3 33. Nxa5 Qb2 34.
Rd1 dxc3 35. Nxc6 Ra8 36. Ncd4 Ra2 37. Qxc3 Bxd4 38. Qxd4 Qxe2 39. Rf1 Rd2 {ZÜ}
0-1

[Event "Frankfurt Ch 2005"]
[Site "Ffm-Kalbach, LAZ"]
[Date "2006.05.02"]
[Round "2.49"]
[White "Krohne, Robert"]
[Black "Plötz, Hans-Jürgen"]
[Result "1/2-1/2"]
[WhiteElo "1784"]
[BlackElo "1442"]
[PlyCount "97"]
[EventDate "2006.??.??"]

1. e4 d6 2. d4 Nf6 3. Nc3 c6 4. f4 Qa5 5. e5 Ne4 6. Bd2 Nxd2 7. Qxd2 Bf5 8. Nf3
e6 9. Bd3 Bxd3 10. Qxd3 d5 11. O-O Be7 12. Ne2 Nd7 13. f5 c5 14. c3 Qb6 15. Nf4
g5 16. Nh5 g4 17. Nd2 O-O-O 18. a4 a6 19. f6 Bf8 20. Rfb1 Nxe5 21. Qe3 Nd7 22.
Kh1 cxd4 23. cxd4 Kb8 24. Nf1 Bd6 25. Qd2 e5 26. dxe5 Bxe5 27. Qxd5 Bxf6 28.
Rd1 Nc5 29. Qxf7 Rxd1 30. Rxd1 Bxb2 31. Qf4+ Ka7 32. Ne3 Qb3 33. Rf1 Nxa4 34.
Nxg4 Qb5 35. Ng3 Ba3 36. Ra1 Qb2 37. Rf1 Nb6 38. Qe4 Qg7 39. Qe3 Rf8 40. Qxa3
Rxf1+ 41. Nxf1 Qxg4 42. h3 Qd1 43. Kg1 Qd4+ 44. Kh2 h5 45. Qa5 h4 46. Qg5 Nc4
47. Qc1 b5 48. Qb1 a5 49. Qxb5 1/2-1/2

[Event "Frankfurt Ch 2005"]
[Site "Ffm-Kalbach, LAZ"]
[Date "2006.05.02"]
[Round "2.50"]
[White "Fischer, Manfred"]
[Black "Baqui, Khalid"]
[Result "1-0"]
[WhiteElo "1779"]
[BlackElo "1367"]
[PlyCount "53"]
[EventDate "2006.??.??"]

1. e4 e5 2. Bc4 Be7 3. Qh5 g6 4. Qxe5 Nf6 5. Nc3 O-O 6. d3 Nc6 7. Qg3 d6 8.
Nge2 Ne5 9. Bb3 Nh5 10. Qe3 Be6 11. Nd5 f5 12. O-O fxe4 13. Qxe4 c6 14. Nxe7+
Qxe7 15. Bxe6+ Qxe6 16. f4 Nf6 17. Qe3 Nfg4 18. Qh3 Qf7 19. Bd2 Nxd3 20. Qxd3
Nf6 21. Ng3 Qc7 22. Bc3 Qb6+ 23. Kh1 Nd5 24. f5 Nxc3 25. Qxc3 gxf5 26. Nxf5 Kf7
27. Rae1 1-0

[Event "Frankfurt Ch 2005"]
[Site "Ffm-Kalbach, LAZ"]
[Date "2006.05.02"]
[Round "2.51"]
[White "Breitbach, Stephan"]
[Black "Mahnke, Ralf"]
[Result "1/2-1/2"]
[WhiteElo "1361"]
[BlackElo "1776"]
[PlyCount "120"]
[EventDate "2006.??.??"]

1. d4 Nf6 2. c4 e6 3. Nf3 d5 4. e3 c6 5. cxd5 exd5 6. Be2 Bd6 7. O-O Bf5 8. Nc3
O-O 9. Nh4 Be6 10. g3 Nbd7 11. Qc2 Re8 12. Bd3 Nf8 13. Bf5 Qd7 14. Bd2 g6 15.
Bxe6 Qxe6 16. Kg2 h5 17. f3 Kg7 18. Rae1 N8h7 19. e4 dxe4 20. fxe4 Be7 21. h3
Rad8 22. Nf3 Qd7 23. Qb3 b6 24. Ne5 Qe6 25. Qxe6 fxe6 26. Nxc6 Rd7 27. Nb5 a6
28. Na3 Bxa3 29. bxa3 Rc8 30. d5 exd5 31. exd5 Nxd5 32. Nb4 Nxb4 33. Bxb4 a5
34. Re7+ Rxe7 35. Bxe7 Rc2+ 36. Rf2 Rxf2+ 37. Kxf2 b5 38. Ke3 Kf7 39. Bd8 a4
40. Kd4 Nf8 41. Kd5 Ne6 42. Ba5 Ke7 43. Kc6 Nd4+ 44. Kc5 Ne2 45. Be1 Ng1 46. h4
Kd7 47. Kxb5 Kc7 48. Kxa4 Nf3 49. Bf2 g5 50. hxg5 Nxg5 51. Kb5 Kb7 52. a4 Ne4
53. Be1 Nxg3 54. Bxg3 h4 55. Bf4 h3 56. a5 h2 57. a6+ Ka7 58. Bxh2 Ka8 59. Bg1
Kb8 60. Kb6 Ka8 1/2-1/2

[Event "Frankfurt Ch 2005"]
[Site "Ffm-Kalbach, LAZ"]
[Date "2006.05.02"]
[Round "2.52"]
[White "Rotermund, Verena"]
[Black "Bongardt, Torsten"]
[Result "1-0"]
[WhiteElo "1757"]
[BlackElo "1338"]
[PlyCount "31"]
[EventDate "2006.??.??"]

1. e4 c6 2. d4 d5 3. f3 dxe4 4. fxe4 Bg4 5. Qxg4 Qxd4 6. Qc8+ Qd8 7. Qxb7 Nd7
8. Bd3 Ngf6 9. Nf3 e6 10. O-O Bc5+ 11. Kh1 Ng4 12. Bg5 f6 13. Bh4 Rb8 14. Qxc6
Qe7 15. Bb5 Rb6 16. Qc8+ 1-0

[Event "Frankfurt Ch 2005"]
[Site "Ffm-Kalbach, LAZ"]
[Date "2006.05.02"]
[Round "2.53"]
[White "Ortiz-Rodriguez, Jose"]
[Black "Bender, Manfred"]
[Result "0-1"]
[WhiteElo "1301"]
[BlackElo "1739"]
[PlyCount "68"]
[EventDate "2006.??.??"]

1. e4 c5 2. Nc3 Nc6 3. Nf3 d6 4. Bc4 e6 5. O-O a6 6. a3 b5 7. Be2 Bb7 8. d3 Be7
9. Be3 Nf6 10. d4 cxd4 11. Nxd4 O-O 12. Bf3 Ne5 13. b3 Rc8 14. Bd2 Qb6 15. Be1
Rfd8 16. a4 b4 17. Na2 a5 18. c3 d5 19. exd5 Nxd5 20. c4 Nxf3+ 21. Nxf3 Ne3 22.
Qe2 Nxf1 23. Kxf1 Qd6 24. Kg1 Qd3 25. Qxd3 Rxd3 26. Ne5 Rxb3 27. Nc1 Rb2 28.
Ncd3 Rc2 29. Nf4 Bf6 30. Nfd3 Ba6 31. Rd1 Bxc4 32. Nxc4 R2xc4 33. g3 Rd4 34.
Kg2 Rcd8 0-1

[Event "Frankfurt Ch 2005"]
[Site "Ffm-Kalbach, LAZ"]
[Date "2006.05.02"]
[Round "2.54"]
[White "Bittner, Peter"]
[Black "Richter, Edgar"]
[Result "1-0"]
[WhiteElo "1730"]
[BlackElo "1300"]
[PlyCount "49"]
[EventDate "2006.??.??"]

1. e4 e5 2. Nf3 d6 3. Bc4 Nd7 4. d4 Be7 5. dxe5 dxe5 6. Qd5 Bb4+ 7. c3 Bxc3+ 8.
Nxc3 Qe7 9. Be3 Ngf6 10. Qd3 O-O 11. O-O Nc5 12. Bxc5 Qxc5 13. Ng5 Qe7 14. Rad1
Bg4 15. Nf3 h6 16. Qe3 Kh8 17. Rd2 b6 18. Rfd1 c5 19. Nd5 Nxd5 20. Rxd5 Bxf3
21. Qxf3 f6 22. Rd7 Qe8 23. Qg4 g5 24. Qf5 Qxd7 25. Rxd7 1-0

[Event "Frankfurt Ch 2005"]
[Site "Ffm-Kalbach, LAZ"]
[Date "2006.05.02"]
[Round "2.55"]
[White "Nagel, Norbert"]
[Black "Schönmann, Bernd"]
[Result "1-0"]
[WhiteElo "1720"]
[BlackElo "1268"]
[PlyCount "73"]
[EventDate "2006.??.??"]

1. e4 b6 2. d4 Bb7 3. Nc3 e6 4. Nf3 Bb4 5. Bd3 h6 6. O-O Nf6 7. e5 Nd5 8. Ne4
Nc6 9. a3 Be7 10. c4 Na5 11. cxd5 Bxd5 12. b4 Nc4 13. Nc3 b5 14. Nxb5 Nb6 15.
Nc3 Bxf3 16. Qxf3 f6 17. Bg6+ Kf8 18. exf6 Bxf6 19. Be3 Nc4 20. Ne4 Nxe3 21.
fxe3 Rb8 22. Nxf6 gxf6 23. Qxf6+ Qxf6 24. Rxf6+ Kg7 25. Raf1 Rb5 26. Bd3 Rf5
27. R6xf5 exf5 28. Rxf5 Re8 29. Kf2 c6 30. e4 Re6 31. Kf3 Rd6 32. Ke3 Re6 33.
Ra5 d5 34. Rxa7+ Kf6 35. e5+ Kg5 36. Rg7+ Kh4 37. g3+ 1-0

[Event "Frankfurt Ch 2005"]
[Site "Ffm-Kalbach, LAZ"]
[Date "2006.05.02"]
[Round "2.56"]
[White "Schukowski, Werner"]
[Black "Jacob, Christiane"]
[Result "0-1"]
[WhiteElo "1292"]
[BlackElo "1713"]
[PlyCount "48"]
[EventDate "2006.??.??"]

1. e4 c5 2. Nf3 e6 3. Bc4 a6 4. a4 Nc6 5. d3 d5 6. exd5 exd5 7. Ba2 Nf6 8. Bg5
Be6 9. Qe2 Be7 10. c3 O-O 11. Ne5 Nxe5 12. Qxe5 Qb6 13. Qe2 Rae8 14. O-O Bg4
15. Qd2 c4 16. dxc4 Ne4 17. Qxd5 Bxg5 18. b4 Qf6 19. Qd4 Qh6 20. Na3 Bf4 21. g3
Bf3 22. Qd7 Nf6 23. Qf5 Ng4 24. h4 Qxh4 0-1

[Event "Frankfurt Ch 2005"]
[Site "Ffm-Kalbach, LAZ"]
[Date "2006.05.02"]
[Round "2.58"]
[White "Bauer, Timo"]
[Black "Baur, Egbert"]
[Result "1-0"]
[WhiteElo "1707"]
[BlackElo "1215"]
[PlyCount "79"]
[EventDate "2006.??.??"]

1. d4 Nf6 2. Nf3 d5 3. g3 Nc6 4. Bg2 h6 5. O-O Bf5 6. c4 Qd7 7. cxd5 Qxd5 8.
Nc3 Qc4 9. Ne5 Nxe5 10. dxe5 Ne4 11. Qb3 Qxb3 12. axb3 Nxc3 13. bxc3 c6 14. Rd1
Bc2 15. Rd4 g5 16. Rb4 Bg7 17. f4 Rd8 18. Rxb7 O-O 19. Ba3 Rc8 20. Bxe7 Rfe8
21. Raxa7 g4 22. Bc5 Bg6 23. b4 Red8 24. Bd4 h5 25. h4 Bf8 26. e4 c5 27. bxc5
Bxc5 28. Bxc5 Rxc5 29. Rc7 Rxc7 30. Rxc7 Kf8 31. f5 Bh7 32. Bf1 Rd2 33. Bc4 Bg8
34. f6 Rd8 35. Bd5 Ke8 36. Re7+ Kf8 37. Kf2 Rb8 38. Ke3 Re8 39. Rc7 Rxe5 40.
Bc6 1-0

[Event "Frankfurt Ch 2005"]
[Site "Ffm-Kalbach, LAZ"]
[Date "2006.05.02"]
[Round "2.59"]
[White "Honert, Stefan"]
[Black "Stricker, Konstantin"]
[Result "0-1"]
[WhiteElo "1201"]
[BlackElo "1703"]
[PlyCount "56"]
[EventDate "2006.??.??"]

1. d4 Nf6 2. c4 e6 3. Nf3 d5 4. Nc3 Be7 5. e3 O-O 6. Bd3 h6 7. O-O b6 8. Re1
Bb7 9. cxd5 Nxd5 10. Nxd5 exd5 11. b3 Nd7 12. Bb2 Nf6 13. Ne5 Bd6 14. Rc1 a6
15. Re2 Re8 16. Rec2 c5 17. f4 Rc8 18. a4 Rc7 19. Qf3 c4 20. Be2 b5 21. bxc4
bxc4 22. Bc3 Rce7 23. Bd2 Qc7 24. g4 Ne4 25. Bc3 Nxc3 26. Rxc3 Bb4 27. Rb3 Qd6
28. Rbb1 f6 0-1

[Event "Frankfurt Ch 2005"]
[Site "Ffm-Kalbach, LAZ"]
[Date "2006.05.02"]
[Round "2.60"]
[White "Kronenburg, Bernd"]
[Black "Köhler, Ralph"]
[Result "0-1"]
[WhiteElo "1695"]
[BlackElo "1202"]
[PlyCount "78"]
[EventDate "2006.??.??"]

1. c4 e5 2. Nc3 Bb4 3. Qb3 Nc6 4. e3 d6 5. Nf3 Nf6 6. Be2 O-O 7. O-O h6 8. Nd5
Bc5 9. Nxf6+ Qxf6 10. a3 Bb6 11. d3 Qg6 12. Bd2 Bh3 13. Nh4 Qg5 14. Kh1 Qxh4
15. gxh3 Qxh3 16. Rg1 Qf5 17. Rg2 Nd8 18. Rag1 g6 19. c5 Bxc5 20. Rxg6+ Kh7 21.
Rg7+ Kh8 22. Qc4 Ne6 23. Bg4 Qf6 24. Bxe6 Qxe6 25. Qe4 f5 26. Qg2 Rg8 27. Bc3
Rab8 28. f4 Bxe3 29. fxe5 d5 30. Qg6 Qxg6 31. R1xg6 d4 32. Rxg8+ Rxg8 33. Rxh6+
Kg7 34. Rh3 Kf7 35. Rxe3 dxe3 36. Be1 f4 37. b4 Ke6 38. d4 Kd5 39. h4 f3 0-1

[Event "Frankfurt Ch 2005"]
[Site "Ffm-Kalbach, LAZ"]
[Date "2006.05.02"]
[Round "2.61"]
[White "Zuyev, Lisa"]
[Black "Makilla, Tobias"]
[Result "0-1"]
[WhiteElo "1060"]
[BlackElo "1682"]
[PlyCount "126"]
[EventDate "2006.??.??"]

1. e4 e5 2. Nf3 Nc6 3. d4 exd4 4. Nxd4 Bc5 5. Be3 Qf6 6. c3 Nge7 7. Bc4 Qg6 8.
O-O Qxe4 9. Bxf7+ Kxf7 10. Qh5+ Qg6 11. Qxc5 d6 12. Qc4+ d5 13. Qe2 Rf8 14. Nd2
Kg8 15. f4 a6 16. Rf2 Nf5 17. Nxf5 Bxf5 18. Nf3 Rae8 19. Qd2 Qd6 20. Nd4 Re4
21. Nxc6 bxc6 22. Bd4 Bg4 23. Raf1 Rfe8 24. f5 Qh6 25. Qxh6 gxh6 26. Rf4 Bh5
27. Rxe4 Rxe4 28. g3 Bg4 29. Kg2 Re2+ 30. Rf2 Rxf2+ 31. Kxf2 Bxf5 32. Be5 c5
33. Bxc7 d4 34. cxd4 cxd4 35. Bb6 d3 36. Be3 h5 37. b4 Kf7 38. Ke1 Ke6 39. Kd2
Kd5 40. a4 Kc4 41. Bc5 Bd7 42. Be7 Bxa4 43. Bf8 Bb5 44. Be7 Kd4 45. Bg5 Ke4 46.
Ke1 Kf3 47. Bf4 Kg4 48. Kf2 h4 49. Bh6 h3 50. Ke3 Kf5 51. Kf3 Ke5 52. Ke3 Kd5
53. Kd2 Ke4 54. Bf8 h5 55. Bh6 Kf3 56. Bf4 Kg2 57. Ke1 Be8 58. Bg5 Kf3 59. Kf1
Bb5 60. Ke1 Bc4 61. Kd2 Kg4 62. Bf4 h4 63. gxh4 Kxf4 0-1

[Event "Frankfurt Ch 2005"]
[Site "Ffm-Kalbach, LAZ"]
[Date "2006.05.02"]
[Round "2.62"]
[White "Schwabe, Manfred"]
[Black "Krüger, Manfred"]
[Result "0-1"]
[WhiteElo "1680"]
[BlackElo "1184"]
[PlyCount "74"]
[EventDate "2006.??.??"]

1. d4 Nf6 2. c4 e6 3. Nc3 b6 4. Bg5 Bb7 5. f3 Be7 6. e3 O-O 7. Bd3 d5 8. b3
Nbd7 9. Nge2 Rc8 10. O-O c5 11. cxd5 exd5 12. Rc1 cxd4 13. exd4 h6 14. Bh4 a6
15. Bb1 Ba3 16. Rc2 Re8 17. Bf2 Re6 18. Nf4 Rec6 19. Qd3 Bb4 20. Be1 Bd6 21.
Bd2 R8c7 22. Nfxd5 Nxd5 23. Nxd5 Rxc2 24. Bxc2 Rxc2 25. Nxb6 Rxa2 26. Nc4 Nc5
27. Qb1 Rxd2 28. Nxd2 Ne6 29. Qd3 Qh4 30. h3 Qg3 31. Ne4 Nf4 32. Nxg3 Nxd3 33.
Ne4 Bf4 34. g3 Be3+ 35. Kg2 Nb4 36. Rd1 Bxd4 37. Rd3 Nxd3 0-1

[Event "Frankfurt Ch 2005"]
[Site "Ffm-Kalbach, LAZ"]
[Date "2006.05.02"]
[Round "2.63"]
[White "Troeger, Beate"]
[Black "Fisher, Jonathan"]
[Result "0-1"]
[WhiteElo "798"]
[BlackElo "1672"]
[PlyCount "80"]
[EventDate "2006.??.??"]

1. e4 c5 2. Nf3 d6 3. d4 cxd4 4. Nxd4 Nf6 5. Nc3 g6 6. Bg5 Bg7 7. Qd2 Qb6 8.
O-O-O O-O 9. f3 Bd7 10. Bc4 Nc6 11. Be3 Qb4 12. Bb3 Rfc8 13. Nd5 Qxd2+ 14. Rxd2
Kf8 15. Kb1 Ne5 16. h3 Nc4 17. Bxc4 Rxc4 18. b3 Nxd5 19. exd5 Rc7 20. c4 a6 21.
Ne2 b5 22. Rc1 Bf5+ 23. Rcc2 bxc4 24. Kc1 Bxc2 25. Rxc2 Rac8 26. b4 Rb7 27. Bd2
Rb5 28. Nf4 g5 29. Nh5 Rxd5 30. Nxg7 Kxg7 31. Bc3+ Kg6 32. a4 f6 33. Kb2 h5 34.
Rf2 Rd3 35. f4 gxf4 36. Rxf4 e5 37. Rf2 d5 38. Kc2 d4 39. Be1 Ra3 40. Kb2 Rxa4
0-1

[Event "Frankfurt Ch 2005"]
[Site "Ffm-Kalbach, LAZ"]
[Date "2006.05.02"]
[Round "2.67"]
[White "Liebske, Erwin"]
[Black "Liebert, Monika"]
[Result "1-0"]
[WhiteElo "1617"]
[BlackElo "1105"]
[PlyCount "101"]
[EventDate "2006.??.??"]

1. Nf3 Nf6 2. d4 d5 3. e3 Nc6 4. c4 e6 5. a3 Be7 6. Nc3 b6 7. cxd5 Nxd5 8. Bd2
Bb7 9. Bb5 O-O 10. Rc1 a6 11. Bd3 f5 12. Qb3 Na5 13. Qc2 Rc8 14. Ne2 Qd6 15.
Ne5 Bf6 16. f4 Bxe5 17. fxe5 Qd7 18. b4 Nc6 19. b5 Na7 20. bxa6 Ba8 21. O-O g6
22. Qb3 b5 23. Rc5 c6 24. Rb1 Rb8 25. a4 b4 26. Qc4 Rb6 27. Qc2 Rfb8 28. a5 Rb5
29. Bxb5 Rxb5 30. Qd3 Qc7 31. Rxb5 cxb5 32. Bxb4 Nxb4 33. Rxb4 Qc6 34. d5 exd5
35. Nd4 Qc1+ 36. Kf2 f4 37. Rb3 fxe3+ 38. Qxe3 Qc4 39. Qc3 Kg7 40. Qb4 Nc6 41.
Nxc6 Qc2+ 42. Kg3 Qxc6 43. Qe7+ Kh6 44. Qf8+ Kh5 45. Qf6 Qc4 46. Qf3+ Kh6 47.
Qf4+ g5 48. Qxc4 bxc4 49. Rb8 Bc6 50. Rb6 Kh5 51. Rxc6 1-0